01503cam a22003374a 450000100090000000300040000900500170001300800410003001000170007102000360008802000350012404000180015904200080017704300120018505000280019710000240022524502160024925000120046526000870047730000500056450001470061450400640076165000730082565000730089865000430097170000230101470000240103770000260106171000300108771000480111712162655OSt20170113151053.0000901s2000 ilua bc 001 0 eng  a 00043970  a0300089252 (cloth : alk. paper) a086559189X (pbk. : alk. paper) aDLCcDLCdDLC apcc ae-fr---00aNK1449 b.A1G76 20011 aGroom, Gloria Lynn.10aBeyond the easel :bdecorative paintings by Bonnard, Vuillard, Denis, and Roussel, 1890-1930 /cby Gloria Groom ; with an essay by Nicholas Watkins and contributions by Jennifer Paoletti and Thérèse Barruel. a1st ed. aChicago :bArt Institute of Chicago ;aNew Haven :bYale University Press,cc2001. axiii, 289 p. :bill. (chiefly col.) ;c29 cm. aCatalog of an exhibition held at the Art Institute of Chicago, Feb. 25-May 16, 2001 and the Metropolitan Museum of Art, June 26-Sept. 9, 2001. aIncludes bibliographical references (p. 279-282) and index. 0aDecoration and ornamentzFrancexHistoryy19th centuryvExhibitions. 0aDecoration and ornamentzFrancexHistoryy20th centuryvExhibitions. 0aSymbolism in artzFrancevExhibitions.1 aWatkins, Nicholas.1 aPaoletti, Jennifer.1 aBarruel, Thérèse.2 aArt Institute of Chicago.2 aMetropolitan Museum of Art (New York, N.Y.)